Wymień całą trasę linii 103 - Statystyki

Ogólne statystyki
  • Ten quiz został rozwiązany 3 razy
  • Średni wynik to 16 z 31
Statystyki odpowiedzi
Na żądanie? Przystanek % Poprawnych
Nie AWF
100%
Nie Metro Młociny
100%
Nie Przy Agorze
100%
Nie Sokratesa
100%
Nie Szpital Bielański
100%
Nie Dworzec Zachdoni Tunelowa
67%
Nie Kochanowskiego
67%
Tak Las Bielański
67%
Nie Metro Stare Bielany
67%
Tak Ostroroga
67%
Nie Szpital Wolski
67%
Tak UKSW
67%
Nie Wrzeciono
67%
Nie Bielany-Ratusz
33%
Nie Brylowska
33%
Nie Elbląska
33%
Nie Galla Anonima
33%
Tak Gen. Maczka
33%
Nie Kolejowa
33%
Tak Kozielska
33%
Nie Metro Płocka
33%
Nie Obrońców Tobruku
33%
Nie Piaski
33%
Nie PKP Powązki
33%
Nie Plac Pole Elekcyjne
33%
Nie Powązki Cmentarz Wojskowy
33%
Tak Powązki-VI Brama
33%
Tak Sołtyka
33%
Tak Twardwoska
33%
Nie Grenady
0%
Tak Tatarska
0%
Nie znaleziono quizów pasujących do podanych kryteriów
Rozkład punktacji
Procent ludzi z każdym wynikiem
Percentyl według liczby udzielonych odpowiedzi
Twoja historia wyników
Nie rozwiązałeś tego quizu